000 00440nam a2200145 a 4500
005 20140412111232.0
008 020311s19uu xx 00 eng d
050 _aER
_bHe34
100 _aWadsworth, Wallace C.
245 _aHenny penny /
_cretold by Wallace C. Wadsworth; illustrated by George Tweedale.
260 _aNew York :
_bCheckboard Press,
_c1976.
300 _a1 v. (unp.) ; ill.
650 _aChildren stories
999 _c102203
_d102203